000 00461nam a2200181Ia 4500
003 OSt
005 20240423152049.0
008 210210b1931 xxu||||| |||| 00| 0 eng d
040 _cAL
041 _aKannada
082 _a853/560
100 _aSITARAMAYYA (V)
_dವಿ.ಸೀತಾರಾಮಯ್ಯ
_9157933
245 _aAgraha
_bಆಗ್ರಹ
260 _aBengaluru
_b-
_c1931
690 _aKannada Drama
_9157935
906 _a019830
942 _2ddc
_cBK
999 _c143980
_d143980